| 000 | 00508nam a2200181 a 4500 | ||
|---|---|---|---|
| 005 | 20140310183143.0 | ||
| 008 | 021120s19uu xx 00 eng d | ||
| 020 | _a | ||
| 050 |
_aLC 5219 _b.B619 1981 |
||
| 100 | _aBirnbrauer, Herman | ||
| 245 |
_aTraining for trainers / _cHerman Birnbrauer. |
||
| 260 |
_aBensalem, PA : _bInstitute for Business & Industry Inc., _c1981. |
||
| 300 |
_a295 p. : _c25 cm. |
||
| 521 | _aBSBA | ||
| 650 |
_aTraining of _xtrainer |
||
| 942 |
_cBK _2lcc _kFOR |
||
| 999 |
_c19445 _d19445 |
||